[Event "VII Torneo Banco di Roma A"]
[Site "Roma ITA"]
[Date "1983.02.??"]
[Round "8"]
[White "Messa, Roberto"]
[Black "Martin Gonzalez, Angel"]
[Result "0-1"]
[WhiteElo "2275"]
[BlackElo "2410"]
[PlyCount "80"]
[EventDate "1983.02.19"]

1. e4 c5 2. Nf3 d6 3. d4 cxd4 4. Nxd4 Nf6 5. Nc3 g6 6. Be2 Bg7 7. O-O O-O 8.
Nb3 Nc6 9. Kh1 Be6 10. f4 a5 11. a4 Qb6 12. Nd5 Bxd5 13. exd5 Nb4 14. Bf3 Qa6
15. Be2 Qb6 16. Bf3 e6 17. dxe6 fxe6 18. Nd4 d5 19. Ra3 Rfe8 20. Re3 Rad8 21.
c3 Na6 22. Re2 Nc5 23. Be3 Nfe4 24. Nb5 Qc6 25. Rfe1 Nd6 26. Bxc5 Qxc5 27. Rxe6
Rxe6 28. Qxd5 Kh8 29. Qxe6 Re8 30. Qxe8+ Nxe8 31. Rxe8+ Bf8 32. Nd4 Qc4 33. h3
Kg7 34. Be2 Qxa4 35. Bb5 Qa1+ 36. Kh2 Qxb2 37. Ne6+ Kf6 38. c4 Bd6 39. Bd7 g5
40. c5 Bxf4+ 0-1

[Event "VII Torneo Banco di Roma A"]
[Site "Roma ITA"]
[Date "1983.02.??"]
[Round "8"]
[White "Toth, Bela"]
[Black "Bellon Lopez, Juan Manuel"]
[Result "0-1"]
[WhiteElo "2375"]
[BlackElo "2425"]
[PlyCount "106"]
[EventDate "1983.02.19"]

1. d4 Nf6 2. c4 c5 3. d5 b5 4. cxb5 a6 5. bxa6 g6 6. g3 d6 7. Nh3 Bg7 8. Nf4
Nxa6 9. Nc3 O-O 10. Bg2 Bb7 11. h4 Ng4 12. O-O Qb6 13. Bd2 Nc7 14. Rb1 Rfb8 15.
h5 Bc8 16. hxg6 hxg6 17. Bh3 Nb5 18. e3 Ne5 19. Bxc8 Rxc8 20. Kg2 Qa6 21. a3
Rcb8 22. Rh1 Nxc3 23. Bxc3 Qa4 24. Qxa4 Rxa4 25. Rbc1 Rb3 26. Rh3 Ng4 27. Bxg7
Kxg7 28. Rh4 f5 29. Rc2 Ra8 30. e4 Rab8 31. exf5 gxf5 32. Re2 Ne5 33. Ne6+ Kg6
34. Nxc5 Rxb2 35. Rxb2 Rxb2 36. Ne6 Ng4 37. Nf4+ Kf6 38. Rh8 Rxf2+ 39. Kg1 Rf3
40. Kg2 Rxa3 41. Rf8+ Ke5 42. Ng6+ Ke4 43. Nxe7 Ra2+ 44. Kh1 Ra1+ 45. Kg2 Ne3+
46. Kf2 Ra2+ 47. Kg1 Kf3 48. Rxf5+ Nxf5 49. Nxf5 Rg2+ 50. Kh1 Rd2 51. Nxd6 Rxd5
52. Nc4 Kxg3 53. Ne3 Re5 0-1

[Event "VII Torneo Banco di Roma A"]
[Site "Roma ITA"]
[Date "1983.02.??"]
[Round "8"]
[White "Velikov, Petar V."]
[Black "Pinter, Jozsef"]
[Result "0-1"]
[WhiteElo "2475"]
[BlackElo "2535"]
[PlyCount "142"]
[EventDate "1983.02.19"]

1. d4 Nf6 2. c4 e6 3. Nc3 Bb4 4. Qc2 O-O 5. Nf3 c5 6. dxc5 Na6 7. Bd2 Nxc5 8.
e3 b6 9. Be2 Bb7 10. O-O d6 11. a3 Bxc3 12. Bxc3 Nce4 13. Rad1 Qc7 14. Nd4 Nxc3
15. Qxc3 a6 16. Rc1 Rac8 17. Rfd1 Rfd8 18. Qe1 Nd7 19. Nf3 h6 20. b4 Qb8 21.
Qd2 Nf6 22. Qb2 Rd7 23. Nd4 Qa8 24. Bf1 Be4 25. f3 Bb7 26. e4 Qb8 27. Rc2 Rcd8
28. Rcd2 Qa7 29. Kh1 Qb8 30. Kg1 Qc7 31. Re1 Nh7 32. Rc1 Nf8 33. Nb3 Ng6 34.
Kh1 Ne5 35. Rd4 Bc6 36. Re1 g5 37. Nc1 b5 38. cxb5 Bxb5 39. Nb3 Qb6 40. Na5 Rc8
41. Qd2 Qc7 42. a4 Bxf1 43. Rxf1 Qc2 44. h3 Qxa4 45. Rxd6 Rc2 46. Qd4 Rxd6 47.
Qxd6 Qb5 48. Rg1 Ng6 49. Nb3 e5 50. Qd1 Rb2 51. Nc5 Rxb4 52. Qd8+ Kg7 53. Nd7
Qc6 54. Rd1 Rd4 55. Rxd4 exd4 56. e5 Qe6 57. g4 Qe7 58. Qxe7 Nxe7 59. Kg2 Nc6
60. Nc5 a5 61. f4 gxf4 62. e6 fxe6 63. Nxe6+ Kf6 64. Nxf4 a4 65. Nd3 a3 66. Nc1
Nb4 67. Kf3 d3 68. Nb3 Kg5 69. Kg3 a2 70. h4+ Kg6 71. Kf3 Nc2 0-1

[Event "VII Torneo Banco di Roma A"]
[Site "Roma ITA"]
[Date "1983.02.??"]
[Round "9"]
[White "Bellon Lopez, Juan Manuel"]
[Black "Messa, Roberto"]
[Result "1-0"]
[WhiteElo "2425"]
[BlackElo "2275"]
[PlyCount "113"]
[EventDate "1983.02.19"]

1. d4 Nf6 2. Nf3 g6 3. Bf4 Bg7 4. e3 c5 5. c3 b6 6. Be2 O-O 7. O-O d6 8. h3 Bb7
9. a4 a6 10. Nbd2 Nbd7 11. Qb3 Qc8 12. Rfd1 Bc6 13. Rac1 Qb7 14. Qa2 h6 15. Ne1
Rfc8 16. Bh2 b5 17. Nb3 Bd5 18. Bf3 c4 19. Nd2 Bxf3 20. Nexf3 Nb6 21. axb5 axb5
22. Qb1 d5 23. Ne5 e6 24. g4 Nbd7 25. b3 Nxe5 26. Bxe5 Ne4 27. Nxe4 dxe4 28.
Bxg7 Kxg7 29. Rd2 Qd5 30. Rb2 cxb3 31. Rxb3 Ra1 32. Qxa1 Qxb3 33. Rb1 Qc2 34.
Qb2 Qxb2 35. Rxb2 Rxc3 36. Rxb5 f5 37. Rb6 Kf7 38. Kg2 Rd3 39. Kg3 Kf6 40. Rb7
h5 41. gxh5 gxh5 42. Rh7 Kg6 43. Rh8 Rd1 44. Rg8+ Kf7 45. Rh8 Kg6 46. Kg2 f4
47. Rf8 f3+ 48. Kg3 Rg1+ 49. Kf4 Kg7 50. Re8 Kf7 51. Rh8 Rg2 52. Kxe4 Rxf2 53.
Rxh5 Rf1 54. Rh4 Ke7 55. Rf4 f2 56. Kf3 e5 57. Re4 1-0

[Event "VII Torneo Banco di Roma A"]
[Site "Roma ITA"]
[Date "1983.02.??"]
[Round "9"]
[White "Lobron, Eric"]
[Black "Velikov, Petar V."]
[Result "0-1"]
[WhiteElo "2515"]
[BlackElo "2475"]
[PlyCount "30"]
[EventDate "1983.02.19"]

1. e4 c5 2. Nf3 e6 3. d4 cxd4 4. Nxd4 a6 5. Bd3 Bc5 6. Nb3 Ba7 7. Qe2 Nc6 8.
Nc3 d6 9. Be3 Bxe3 10. Qxe3 Nf6 11. O-O-O Qc7 12. f4 O-O 13. Rhg1 b5 14. g4 b4
15. g5 Ne8 0-1